Statistiques concernant Quiz sur l'Azerbaïdjan

Cliquez ici pour prendre le quiz!

Statistiques générales

  • Ce quiz a été pris 691 fois
  • Le résultat moyen est 13 sur 20

Statistiques - réponses

Question Réponse % Correct
Pays frontaliersArménie
97%
Pays frontaliersGéorgie
95%
Pays frontaliersRussie
95%
Pays auquel l'Azerbaïdjan appartenait jusqu'en 1991Union soviétique
93%
CapitaleBakou
90%
Pays frontaliersTurquie
90%
Mer qui borde celle-ciMer Caspienne
89%
Pays frontaliersIran
86%
Bien qu'étant un pays d'Asie, l'Azerbaïdjan a remporté ce concours européen en 2011Eurovision
83%
Branche de l'Islam pratiquée par 89% de la populationChiisme
80%
Au début du siècle dernier, plus de la moitié du ___ mondial provenait d'AzerbaïdjanPétrole
70%
Chaîne de montagnes qui traverse le nord du paysCaucase
66%
Le Nakhitchevan est une région déconnectée du reste de l'Azerbaïdjan,
entourée par d'autres pays. Cela en fait une ___ (le contraire d'enclave)
Exclave
65%
Région séparatiste au centre d'un conflit entre 1988 et 1994, ravivé en 2020Artsakh
50%
Sport dans lequel l'Azerbaïdjan a remporté 22 de ses 42 médailles olympiquesLutte
46%
Joueur d'échecs azerbaïdjanais qui serait le meilleur de joueur de tous les tempsGarry Kasparov
40%
Animal des steppes qui est un symbôle national de l'AzerbaïdjanCheval
28%
Dictateur qui dirige l'Azerbaïdjan depuis le désistement de son père en 2003Ilham {Aliyev}
15%
On trouve près de 400 exemples de ces formations géologiques rares en
Azerbaïdjan, ce qui représente plus de la moitié du total mondial recensé
Volcans de {boue}
13%
Devise monétaire, dont les billets ressemblent fortement à des eurosM{anat}
13%

Distribution des résultats

Percentile par nombre de réponses

% des personnes avec chaque résultat

Votre développement - résultats

Vous n’avez pas pris ce quiz